Khảo sát các phương tiện tu từ và biện pháp tu từ trong tác phẩm “Quê nội” và “Tảng sáng” của Võ Quảng
Cơ sở lí luận. Khảo sát các phương tiện tu từ và biện pháp tu từ trong tác phẩm “Quê nội” và “Tảng sáng” của Võ Quảng. Xây dựng một số bài tập về các phương tiện tu từ và biện pháp tu từ cho học sinh lớp 3
Na minha lista:
| Autor principal: | |
|---|---|
| Outros Autores: | |
| Formato: | Livro |
| Publicado em: |
Đà Nẵng
Đại học Sư phạm, Đại học Đà Nẵng
2013
|
| Assuntos: | |
| Tags: |
Adicionar Tag
Sem tags, seja o primeiro a adicionar uma tag!
|
| Thư viện lưu trữ: | Mạng thư viện Đại học Đà Nẵng |
|---|
| LEADER | 01892nam a2200349 4500 | ||
|---|---|---|---|
| 001 | 000018391 | ||
| 003 | 14822 | ||
| 005 | 20131024161029.0 | ||
| 008 | 131024s2013 sd | ||
| 082 | 1 | 4 | |a 372.64 |b ĐÔ-N |
| 100 | 1 | |a Đỗ Thị Ý Nhi | |
| 245 | 1 | |a Khảo sát các phương tiện tu từ và biện pháp tu từ trong tác phẩm “Quê nội” và “Tảng sáng” của Võ Quảng |c Đỗ Thị Ý Nhi ; Bùi Thị Thanh hướng dẫn |k Khóa luận tốt nghiệp | |
| 260 | |a Đà Nẵng |b Đại học Sư phạm, Đại học Đà Nẵng |c 2013 | ||
| 300 | |a 63 tr., phụ lục 74 tr. |b Hình mh. |c 29 cm. |e Bản tóm tắt | ||
| 500 | |a Khóa luận tốt nghiệp đại học. Chuyên ngành: Sư phạm Tiểu học | ||
| 504 | |a Mục lục đầu trang, tài liệu tham khảo tr. 73 - 74, phụ lục [13 tr.] | ||
| 520 | |a Cơ sở lí luận. Khảo sát các phương tiện tu từ và biện pháp tu từ trong tác phẩm “Quê nội” và “Tảng sáng” của Võ Quảng. Xây dựng một số bài tập về các phương tiện tu từ và biện pháp tu từ cho học sinh lớp 3 | ||
| 600 | 1 | 4 | |b Vua |c Đinh Tiên Hoàng |
| 650 | 0 | 4 | |a Giáo dục tiểu học |v Khóa luận tốt nghiệp |x Ngữ pháp tiếng việt |
| 653 | |a Ngữ pháp tiếng việt | ||
| 653 | |a Khoa Tiểu học - Mầm non | ||
| 700 | 1 | |a Bùi Thị Thanh |e Hướng dẫn | |
| OWN | |a LSP | ||
| AVA | |a UDN50 |b LSP |d 372.64 ĐÔ-N |e available |t Error 5001 Not defined in file expand_doc_bib_avail. |f 1 |g 0 |h N |i 0 |k 1 | ||
| 999 | |a From the UDN01 | ||
| AVA | |a UDN50 |b LSP |d 372.64 ĐÔ-N |e available |t Error 5001 Not defined in file expand_doc_bib_avail. |f 1 |g 0 |h N |i 0 |k 1 | ||
| TYP | |a Monograph | ||
| TYP | |a Printed language | ||
| 980 | |a Mạng thư viện Đại học Đà Nẵng | ||